The Land Registration (Amendment) (No 2) Rules 2005 (Record no. 104490)

MARC details
000 -LEADER
fixed length control field 01473cam a2200241 4500
001 - CONTROL NUMBER
control field L130593
008 - FIXED-LENGTH DATA ELEMENTS--GENERAL INFORMATION
fixed length control field 050815n2005 000 0 eng u
020 ## - INTERNATIONAL STANDARD BOOK NUMBER
International Standard Book Number 011073100X.
035 ## - SYSTEM CONTROL NUMBER
System control number (Sirsi) u130593
041 ## - LANGUAGE CODE
Language code of text/sound track or separate title eng
245 #4 - TITLE STATEMENT
Title The Land Registration (Amendment) (No 2) Rules 2005
260 ## - PUBLICATION, DISTRIBUTION, ETC.
Place of publication, distribution, etc. London
Name of publisher, distributor, etc. TSO
Date of publication, distribution, etc. 2005
490 ## - SERIES STATEMENT
Series statement SI
Volume/sequential designation 2005:1982
520 ## - SUMMARY, ETC.
Summary, etc. Set out a number of amendments to the Land Registration Rules 2003 including those relating to the prescription of that part of the contents (and its form) which must be contained in all prescribed clauses leases and to the entries which the registrar must make in respect of interests contained in a lease created on or after 19 June 2006, which is being completed by registration under s27(2)(b) of the Land Registration Act 2002. Contains also a new application form AP1 and other replacement forms. Part IV amends the principal rules to take account of the Civil Partnership Act 2004 and Part V provides, subject to an exception, for forms replaced by these rules to be used for a transitional period.
590 ## - LOCAL NOTE (RLIN)
Local note IKA160805
650 ## - SUBJECT ADDED ENTRY--TOPICAL TERM
Topical term or geographic name entry element LAND REGISTRATION RULES 2003
650 ## - SUBJECT ADDED ENTRY--TOPICAL TERM
Topical term or geographic name entry element LAND REGISTRATION ACT 2002 S27(2)(B)
650 ## - SUBJECT ADDED ENTRY--TOPICAL TERM
Topical term or geographic name entry element LAND REGISTRATION (AMENDMENT) (NO 2) RULES 2005
650 ## - SUBJECT ADDED ENTRY--TOPICAL TERM
Topical term or geographic name entry element CIVIL PARTNERSHIP ACT 2004
690 ## - LOCAL SUBJECT ADDED ENTRY--TOPICAL TERM (OCLC, RLIN)
Topical term or geographic name as entry element PROPERTY-LEASEHOLD PROPERTY
856 ## - ELECTRONIC LOCATION AND ACCESS
Uniform Resource Identifier <a href="https://www.opsi.gov.uk/si/si2005/20051982.htm">https://www.opsi.gov.uk/si/si2005/20051982.htm</a>
Public note View the Rules free of charge at www.opsi.gov.uk...
942 ## - ADDED ENTRY ELEMENTS (KOHA)
Suppress in OPAC 0
Holdings
Withdrawn status Lost status Source of classification or shelving scheme Damaged status Not for loan Home library Current library Shelving location Date acquired Total Checkouts Full call number Barcode Date last seen Copy number Price effective from Koha item type
    Dewey Decimal Classification     Virtual Virtual Online 15/08/2005   ONLINE PUBLICATION 130593-2001 06/08/2019 1 06/08/2019 Book